Toward a Marxist theory of nationalism / (Record no. 16195)

MARC details
000 -LEADER
fixed length control field 00727cam a2200253 i 4500
001 - CONTROL NUMBER
control field 3668500
003 - CONTROL NUMBER IDENTIFIER
control field OSt
005 - DATE AND TIME OF LATEST TRANSACTION
control field 20211102083803.0
008 - FIXED-LENGTH DATA ELEMENTS--GENERAL INFORMATION
fixed length control field 780406s1978 nyu b 001 0 eng
010 ## - LIBRARY OF CONGRESS CONTROL NUMBER
LC control number 77091740
020 ## - INTERNATIONAL STANDARD BOOK NUMBER
International Standard Book Number 0853454418
040 ## - CATALOGING SOURCE
Original cataloging agency DLC
Transcribing agency hu
Modifying agency DLC
050 00 - LIBRARY OF CONGRESS CALL NUMBER
Classification number HX550.N3
Item number D33
082 00 - DEWEY DECIMAL CLASSIFICATION NUMBER
Classification number 320.5
100 1# - MAIN ENTRY--PERSONAL NAME
Personal name Davis, Horace B.
9 (RLIN) 16535
245 10 - TITLE STATEMENT
Title Toward a Marxist theory of nationalism /
Statement of responsibility, etc. Horace B. Davis.
260 ## - PUBLICATION, DISTRIBUTION, ETC.
Place of publication, distribution, etc. New York :
Name of publisher, distributor, etc. Monthly Review Press,
Date of publication, distribution, etc. c1978.
300 ## - PHYSICAL DESCRIPTION
Extent 294 p. ;
Dimensions 21 cm.
500 ## - GENERAL NOTE
General note Includes index.
504 ## - BIBLIOGRAPHY, ETC. NOTE
Bibliography, etc. note Bibliography: p. 263-277.
650 #0 - SUBJECT ADDED ENTRY--TOPICAL TERM
Topical term or geographic name entry element Nationalism and communism.
9 (RLIN) 16536
906 ## - LOCAL DATA ELEMENT F, LDF (RLIN)
a 7
b cbc
c orignew
d 1
e opcn
f 19
g y-gencatlg
942 ## - ADDED ENTRY ELEMENTS (KOHA)
Source of classification or shelving scheme Dewey Decimal Classification
Koha item type Books like text book referance book
Suppress in OPAC No
Holdings
Withdrawn status Lost status Source of classification or shelving scheme Damaged status Not for loan Home library Current library Shelving location Date acquired Total Checkouts Full call number Barcode Date last seen Copy number Price effective from Koha item type
    Dewey Decimal Classification     Social Library Social Library General Stacks 11/02/2021   320.5/dav SHLIB 00002684 11/02/2021 c2 11/02/2021 Books like text book referance book